|
|
|
|
| LEADER |
00000naa0a2200000 4500 |
| 001 |
657561 |
| 005 |
20250623160417.0 |
| 035 |
|
|
|a (RuTPU)RU\TPU\network\24091
|
| 090 |
|
|
|a 657561
|
| 100 |
|
|
|a 20180215d2017 k y0rusy50 ca
|
| 101 |
0 |
|
|a rus
|
| 102 |
|
|
|a RU
|
| 135 |
|
|
|a drcn ---uucaa
|
| 181 |
|
0 |
|a i
|
| 182 |
|
0 |
|a b
|
| 200 |
1 |
|
|a Исследование отклонения от равномерного распределения углерода в структуре контейнера, предназначенного для хранения ОЯТ
|f О. И. Катаева, Д. А. Седнев
|
| 203 |
|
|
|a Текст
|c электронный
|
| 225 |
1 |
|
|a Материалы и технологии атомного энергопромышленного комплекса
|
| 300 |
|
|
|a Заглавие с экрана
|
| 320 |
|
|
|a [Библиогр.: с. 31 (2 назв.)]
|
| 463 |
|
|
|t Актуальные проблемы инновационного развития ядерных технологий
|o материалы конференции в рамках Научной сессии НИЯУ МИФИ, 10-14 апреля 2017г., г. Северск
|f Сибирский химический комбинат (СХК) ; Национальный исследовательский ядерный университет "МИФИ", Северский технологический институт (СТИ) ; под ред. М. Д. Носкова
|v [С. 31]
|d 2017
|
| 610 |
1 |
|
|a труды учёных ТПУ
|
| 610 |
1 |
|
|a электронный ресурс
|
| 610 |
1 |
|
|a хранение
|
| 610 |
1 |
|
|a радиоактивные материалы
|
| 610 |
1 |
|
|a распределение
|
| 610 |
1 |
|
|a углерод
|
| 700 |
|
1 |
|a Катаева
|b О. И.
|g Ольга Игоревна
|
| 701 |
|
1 |
|a Седнев
|b Д. А.
|c специалист в области неразрушающего контроля
|c ассистент Томского политехнического университета, младший научный сотрудни
|f 1989-
|g Дмитрий Андреевич
|3 (RuTPU)RU\TPU\pers\28045
|
| 712 |
0 |
2 |
|a Национальный исследовательский Томский политехнический университет (ТПУ)
|b Институт неразрушающего контроля (ИНК)
|b Международная научно-образовательная лаборатория неразрушающего контроля (МНОЛ НК)
|3 (RuTPU)RU\TPU\col\19961
|
| 801 |
|
0 |
|a RU
|b 63413507
|c 20210330
|g RCR
|
| 850 |
|
|
|a 63413507
|
| 856 |
4 |
|
|u http://conference.ssti.ru/doc/АПИРЯТ%202017.pdf#page=31
|
| 942 |
|
|
|c CF
|